Online
Catalog

Los intelectuales colombianos en los años veinte : (Record no. 5687)

MARC details
000 -CABECERA
campo de control de longitud fija 01006cam a2200265 a 4500
001 - NÚMERO DE CONTROL
campo de control 000005891
005 - FECHA Y HORA DE LA ÚLTIMA TRANSACCIÓN
campo de control 20200929151828.0
008 - DATOS DE LONGITUD FIJA--INFORMACIÓN GENERAL
campo de control de longitud fija 940801s1993 ck b 001 e spa
020 ## - NÚMERO INTERNACIONAL ESTÁNDAR DEL LIBRO
Número Internacional Estándar del Libro 9586121593
040 ## - FUENTE DE LA CATALOGACIÓN
Centro catalogador/agencia de origen DO-SdBNP
Centro/agencia transcriptor DLC
082 ## - NÚMERO DE LA CLASIFICACIÓN DECIMAL DEWEY
Número de clasificación 302.4
Número de documento/Ítem P116i
100 1# - ENTRADA PRINCIPAL--NOMBRE DE PERSONA
Nombre de persona Pachón Farías, Hilda Soledad,
Fechas asociadas al nombre 1955-
9 (RLIN) 16605
245 14 - MENCIÓN DE TÍTULO
Título Los intelectuales colombianos en los años veinte :
Resto del título el caso de José Eustasio Rivera /
Mención de responsabilidad, etc. Hilda Soledad Pachón Farías.
260 ## - PUBLICACIÓN, DISTRIBUCIÓN, ETC.
Lugar de publicación, distribución, etc. Santafé, Bogotá :
Nombre del editor, distribuidor, etc. Colcultura,
Fecha de publicación, distribución, etc. 1993.
300 ## - DESCRIPCIÓN FÍSICA
Extensión 157 p. ;
Dimensiones 21 cm.
490 1# - MENCIÓN DE SERIE
Mención de serie Premios nacionales´93
500 ## - NOTA GENERAL
Nota general "Ensayo joven ex-aequo."
504 ## - NOTA DE BIBLIOGRAFÍA, ETC.
Nota de bibliografía, etc. Incluye referencias bibliográficas: (p. 141-157).
586 ## - NOTA DE PREMIOS
Nota de premios Premio Nacional de Ensayo Joven, 1993
650 #4 - PUNTO DE ACCESO ADICIONAL DE MATERIA--TÉRMINO DE MATERIA
Término de materia o nombre geográfico como elemento de entrada Intelectuales
Subdivisión geográfica América Latina
Subdivisión cronológica SIGLOS XVI-XX
9 (RLIN) 16606
650 #4 - PUNTO DE ACCESO ADICIONAL DE MATERIA--TÉRMINO DE MATERIA
Término de materia o nombre geográfico como elemento de entrada Intelectuales
Subdivisión geográfica Colombia
Subdivisión cronológica SIGLO XX
9 (RLIN) 16607
600 14 - PUNTO DE ACCESO ADICIONAL DE MATERIA--NOMBRE DE PERSONA
Nombre de persona RIVERA, JOSÉ EUSTASIO
Fechas asociadas al nombre 1889-1928
9 (RLIN) 16608
830 #0 - PUNTO DE ACCESO ADICIONAL DE SERIE-TÍTULO UNIFORME
Título uniforme Premios nacionales´93.
9 (RLIN) 16609
910 ## - DATOS DE OPCIÓN DEL USUARIO (OCLC)
Datos de opción del usuario Catalogación por copia / LC
Holdings
Estado de retiro Estado de pérdida Restricciones de uso No para préstamo Código de colección Localización permanente Ubicación/localización actual Ubicación en estantería Fecha de adquisición Número de inventario Total de préstamos Signatura topográfica completa Código de barras Fecha visto por última vez Precio válido a partir de Tipo de ítem Koha
    Préstamo interno   Monografías: Libros y Folletos General General En catalogación 24.08.2009 LF1   302.4 P116i 5891-10 25.06.2020 25.06.2020 Préstamo interno

Powered by Koha